Statistics for N ile Başlayan Ülkeler

Click here to take the quiz!

General Stats

  • This quiz has been taken 690 times
  • The average score is 4 of 7

Answer Stats

Ülke% Correct
Nijer
68%
Nijerya
66%
Namibya
59%
Nepal
53%
Norveç
48%
Nikaragua
46%
Nauru
44%

Score Distribution

Percentile by Number Answered

Percent of People with Each Score

Your Score History

You have not taken this quiz